Mathematical physics in mathematics and physics : quantum and operator algebraic aspects
Αποθηκεύτηκε σε:
| Άλλοι συγγραφείς: | |
|---|---|
| Μορφή: | Βιβλίο |
| Γλώσσα: | English |
| Δημοσίευση: |
Providence, R.I. :
American Mathematical Society,
c2001.
|
| Σειρά: | Fields Institute communications ;
30 |
| Θέματα: | |
| Ετικέτες: |
Προσθήκη ετικέτας
Δεν υπάρχουν, Καταχωρήστε ετικέτα πρώτοι!
|
MARC
| LEADER | 00000nam a2200000 a 4500 | ||
|---|---|---|---|
| 001 | 1/111351 | ||
| 008 | 160713t2001####riu| ||| |||| ||eng|| | ||
| 020 | |a 0821828142 | ||
| 040 | |a GR-MyUa |b gre |c GR-MyUa |e AACR2 | ||
| 041 | 0 | |a eng | |
| 082 | 7 | |a 530.12 |2 (23) | |
| 245 | 1 | 0 | |a Mathematical physics in mathematics and physics : |b quantum and operator algebraic aspects / |c Roberto Longo, editor. |
| 260 | |a Providence, R.I. : |b American Mathematical Society, |c c2001. | ||
| 300 | |a xxii, 451 σ. : |b σχέδια ; |c 27 εκ. | ||
| 490 | 1 | |a (Fields Institute communications ; |v 30) | |
| 504 | |a Περιέχει βιβλιογραφικές αναφορές. | ||
| 650 | 0 | |a Operator algebras |x Congresses. | |
| 650 | 0 | |a Quantum theory |x Congresses. | |
| 650 | 0 | |a Mathematical physics |x Congresses. | |
| 700 | 1 | |a Longo, Roberto, |e edt | |
| 830 | 0 | |a Fields Institute communications ; |v 30 | |
| 852 | |a INST |b SAMOS |e 20160713 |h 530.12 MAT |p 005300043699 |q 005300043699 |t BK |y 0 | ||
| 922 | |a 3ΕΛΗ |b 201606 |c Τμήμα Μαθηματικών |d Διαδρομές | ||
| 970 | |a Κοσιέρης |b Χρήστος |z 13-07-2016 | ||